| 000 | 00000nam 2200000zi 4500 |
| 001 | 9.945093 |
| 003 | CaOODSP |
| 005 | 20250822095906 |
| 006 | m o d f |
| 007 | cr cn |||||||| |
| 008 | 241112t20242024quc ob f000 0 fre d |
| 020 | |a9780660744612 |
| 040 | |aCaOODSP|bfre|erda|cCaOODSP |
| 043 | |an-cn--- |
| 086 | 1 |aTT4-95/2024F-PDF |
| 245 | 00|aExamen quinquennal du règlement sur l'interconnexion, et établissement des prix : |bdocument de consultation / |cOffice des transports du Canada. |
| 264 | 1|a[Gatineau, Québec] : |bOffice des transports du Canada = Canadian Transportation Agency, |c[2024] |
| 264 | 4|c©2024 |
| 300 | |a1 ressource en ligne (18 pages) |
| 336 | |atexte|btxt|2rdacontent/fre |
| 337 | |ainformatique|bc|2rdamedia/fre |
| 338 | |aressource en ligne|bcr|2rdacarrier/fre |
| 500 | |aPublié aussi en anglais sous le titre : Five-year review of interswitching regulations and rates : consultation paper. |
| 504 | |aComprend des références bibliographiques. |
| 650 | 6|aTransports ferroviaires|xMarchandises|xTarifs|zCanada. |
| 710 | 2 |aOffice des transports du Canada, |eorganisme de publication. |
| 775 | 08|tFive-year review of interswitching regulations and rates : |w(CaOODSP)9.945094 |
| 856 | 40|qPDF|s315 Ko|uhttps://publications.gc.ca/collections/collection_2025/otc-cta/TT4-95-2024-fra.pdf |
| 856 | 4 |qHTML|sS.O.|uhttps://otc-cta.gc.ca/fra/publication/document-consultation-examen-quinquennal-reglement-sur-linterconnexion-et-etablissement |